On This Day: May 23rd Quiz Stats

 Plays Quiz Updated May 23, 2017

Support Sporcle.
Go Orange.
Score 0/7 Timer 03:00
1 Play Today
Question Answer Wrong Answers
In Vienna, a patent for this instrument, known colloquially as a squeezebox, is granted.
1829
Accordion
94.5%
Cornet
1%
Oboe
1.1%
Glockenspiel
3.4%
The first version of this computer programming language is released.
1995
Java
88.6%
PHP
3.7%
Ruby
2.1%
Elixir
1.8%
Infamous American bank robbers Bonnie ______ and Clyde ______ are ambushed by police and killed in Bienville Parish, Louisiana.
1934
Parker & Barrow
86.1%
Smith & Peters
4.5%
Jones & Williams
4.8%
Shelly & Bart
2.4%
The Good Friday Agreement is accepted with roughly 75% of voters voting 'yes.' This is seen as a major political development in the peace process of this United Kingdom country.
1998
Northern Ireland
82.1%
England
4.4%
Scotland
6.6%
Wales
2.9%
This American actor, the current host of 'The Price Is Right,' is born.
1958
Drew Carey
80%
Wayne Brady
8.3%
Richard Karn
5.2%
Marc Summers
3.1%
Formed from three Allied Zones of occupation, the Federal Republic of ______ is established.
1949
Germany
64.2%
Poland
17.1%
Turkey
11%
France
5%
This nation declares war on Austria-Hungary, entering World War I on the side of the Allies.
1915
Italy
52.5%
Bulgaria
8.1%
Serbia
21.1%
Greece
17%

You're not logged in!

Compare scores with friends on all Sporcle quizzes.
OR
Log In

From the Vault

Complete the Book Title... With a Picture

by Noldeh

Here is proof that every book would be better with pictures.
Remove Ads.
Support Sporcle.
Get the best of Sporcle when you Go Orange. This ad-free experience offers more features, more stats, and more fun while also helping to support Sporcle. Thank you for becoming a member.

Show Comments

Extras

Top Quizzes Today


Score Distribution

Your Account Isn't Verified!

In order to create a playlist on Sporcle, you need to verify the email address you used during registration. Go to your Sporcle Settings to finish the process.

Report this User

Report this user for behavior that violates our Community Guidelines.

Details: